Statistics for Teen Titans Quiz

Click here to take the quiz!

General Stats

  • This quiz has been taken 474 times
  • The average score is 9 of 15

Answer Stats

HintAnswer% Correct
The LeaderRobin
99%
Which titan has no powerRobin
99%
Can turn into animalsBeast Boy
98%
Half Man Half RobotCyborg
98%
Half DemonRaven
97%
From another planetStarfire
96%
Which big superhero appears on the showBatman
64%
They Biggest EnemysH.I.V.E
63%
Who does cyborg has a crush onJinx
60%
He control lightsDr. Light
45%
He has the power of waterAquaman
42%
what do robin,beast boy and cyborg call each otherBro's
23%
How many Robins there areA lot
4%
What are they sidekicks nameLittle Buddys
2%
what is robin bad atTelling jokes
2%

Score Distribution

Percentile by Number Answered

Percent of People with Each Score

Your Score History

You have not taken this quiz